Constitución española / (Record no. 7506)

MARC details
000 -LEADER
campo de control de longitud fija 00855nam a2200289 i 4500
001 - NÚMERO DE CONTROL
campo de control 7506
003 - IDENTIFICADOR DE NÚMERO DE CONTROL
campo de control ES-MaACL
005 - FECHA Y HORA DE LA ÚLTIMA TRANSACCIÓN
campo de control 20250805004003.0
007 - CAMPO FIJO DE DESCRIPCIÓN FÍSICA--INFORMACIÓN GENERAL
campo de control de longitud fija t|
008 - DATOS DE LONGITUD FIJA--INFORMACIÓN GENERAL
campo de control de longitud fija 910124s1986 sp l |||| | spa d
020 ## - NÚMERO INTERNACIONAL ESTÁNDAR DEL LIBRO
Número Internacional Estándar del Libro 84-86440-30-0
080 ## - NÚMERO DE LA CLASIFICACIÓN DECIMAL UNIVERSAL
Número de la Clasificación Decimal Universal 342.4(46)"1978"
110 1# - ENTRADA PRINCIPAL--NOMBRE DE ENTIDAD CORPORATIVA
Nombre de entidad corporativa o nombre de jurisdicción como elemento de entrada España.
9 (RLIN) 3657
Título de la obra Constitución, 1978
245 10 - MENCIÓN DEL TÍTULO
Título Constitución española /
Mención de responsabilidad, etc. [edición preparada por] Francisco Rico Pérez.
250 ## - MENCION DE EDICION
Mención de edición 4ª ed.
260 ## - PUBLICACIÓN, DISTRIBUCIÓN, ETC.
Lugar de publicación, distribución, etc. Madrid :
Nombre del editor, distribuidor, etc. Trivium,
Fecha de publicación, distribución, etc. 1986.
300 ## - DESCRIPCIÓN FÍSICA
Extensión 156 p. ;
Dimensiones 22 cm.
490 1# - MENCIÓN DE SERIE
Mención de serie Códigos Trivium
500 ## - NOTA GENERAL
Nota general Índice analitico.
650 #4 - PUNTO DE ACCESO ADICIONAL DE MATERIA--TÉRMINO DE MATERIA
9 (RLIN) 11292
Término de materia o nombre geográfico como elemento de entrada Constituciones-
Subdivisión geográfica España
655 #7 - TERMINO DE INDIZACIÓN--GENERO/FORMA
Fuente del término tgfbne
9 (RLIN) 226828
Datos o término principal de género/forma Constituciones
700 1# - ENTRADA AGREGADA--NOMBRE PERSONAL
Nombre de persona Rico Pérez, Francisco,
Fechas asociadas al nombre 1931-
9 (RLIN) 97032
830 1# - PUNTO DE ACCESO ADICIONAL DE SERIE-TÍTULO UNIFORME
Título uniforme Códigos Trivium
9 (RLIN) 227904
852 4# - LOCALIZACIÓN
Ubicación ES-MaACL
Número de control de estantería L-14767
942 ## - ELEMENTOS DE ENTRADA SECUNDARIOS (KOHA)
Fuente del sistema de clasificación o colocación Clasificación decimal universal
Holdings
Estatus retirado Estado de pérdida Estado de daño No para préstamo Biblioteca de origen Biblioteca actual Ubicación en estantería Fecha de adquisición Fuente de adquisición Total de préstamos Signatura topográfica completa Código de barras Visto por última vez Precio de reemplazo Tipo de ítem Koha
        Biblioteca del Ateneo de Madrid Biblioteca del Ateneo de Madrid Depósito 2 17/01/2008     L-14767 1007658 23/02/2023 23/02/2023 Libro impreso